Cold water fisheries in the trans-Himalayan countries

সংরক্ষণ করুন:
গ্রন্থ-পঞ্জীর বিবরন
বিন্যাস: গ্রন্থ
ভাষা:Undetermined
প্রকাশিত: Rome, Italy FAO 2002
বিষয়গুলি:
ট্যাগগুলো: ট্যাগ যুক্ত করুন
কোনো ট্যাগ নেই, প্রথমজন হিসাবে ট্যাগ করুন!
Thư viện lưu trữ: Trung tâm Học liệu Trường Đại học Cần Thơ
LEADER 00437nam a2200157Ia 4500
001 CTU_55835
008 210402s9999 xx 000 0 und d
082 |a 639 
082 |b C688 
245 0 |a Cold water fisheries in the trans-Himalayan countries 
245 0 |c Edited by T. Petr and S. B. Swar 
260 |a Rome, Italy 
260 |b FAO 
260 |c 2002 
650 |a fishery 
980 |a Trung tâm Học liệu Trường Đại học Cần Thơ